| 000 | 01498nam0a2200361 4500 | ||
|---|---|---|---|
| 001 | RU\NLR\BIBL_A\022466237 | ||
| 005 | 20250702143053.0 | ||
| 010 |
_a978-5-907784-37-6 _93000 |
||
| 035 | _a(NLR Aleph) 022466237 | ||
| 090 |
_a13426082 _c13426082 |
||
| 100 | _a20250221d2025 |||y0rusy50 ca | ||
| 101 | 1 |
_arus _ceng |
|
| 102 | _aRU | ||
| 105 | _aah z 001zy | ||
| 181 | 0 |
_ai3 _baxxe |
|
| 182 | 0 | _an | |
| 200 | 1 |
_aПаспорт: культурная история от древности до наших дней _dLicense to travel: a cultural history of the passport _fПатрик Биксби _g[перевод с англ. Д. Ивановской] _zeng |
|
| 203 |
_aТекст _bвизуальный _cнепосредственный |
||
| 210 |
_aМосква _cЛайвбук _d2025 |
||
| 215 |
_a398, [1] c. _cил., факс. _d21 |
||
| 300 | _aАвт. также на англ. яз.: Patrick Bixby | ||
| 320 | _aБиблиогр.: с. 379-394 | ||
| 320 | _aАлф. указ. собств. имен в конце кн. | ||
| 333 | _a16+ | ||
| 510 | 1 |
_6z21790 _aLicense to travel: a cultural history of the passport _zeng |
|
| 606 | 1 |
_aГражданство _jПопулярные издания _xИстория _92283030 _3RU\NLR\AUTH\661367720 |
|
| 686 | 1 | _aХ2(0)3-512я9 | |
| 700 | 1 |
_aБиксби _bП. _gПатрик |
|
| 790 | 1 |
_6z21510 _aBixby _bP. _gPatrick |
|
| 942 | _cBOOK | ||
| 980 | _aNB | ||